Statistiken für Länder mit den meisten McDonald's-Restaurants

Klicken Sie hier um das Quiz zu spielen!

Allgemein

  • Dieses Quiz wurde 4,427 mal gespielt
  • Das Durchschnittsergebnis liegt bei 16 aus 20

Antwortstatistiken

# Seit Land % Korrekt
14'1461940Vereinigte Staaten
100%
1'4701970Deutschland
99%
2'6281990China
96%
1'4191972Frankreich
96%
1'4501967Kanada
95%
6091990Russland
94%
4971981Spanien
94%
5481985Italien
92%
8121979Brasilien
90%
2'9751971Japan
90%
4021985Mexiko
90%
1'2741974Vereinigtes Königreich
89%
9201971Australien
86%
290+1996Indien
84%
3781992Polen
78%
4301988Südkorea
60%
2551986Türkei
58%
4491981Philippinen
29%
3141982Malaysia
25%
4131984Taiwan
24%

Verteilung der Resultate

Perzentil nach korrekt beantworteten Fragen

Anzahl Personen mit jedem Resultat

Ihre Resultats-Entwicklung

Sie haben dieses Quiz noch nicht gespielt